MARC details
| 000 -LEADER |
| fixed length control field |
01205 a2200361 4500 |
| 001 - CONTROL NUMBER |
| control field |
71375 |
| 003 - CONTROL NUMBER IDENTIFIER |
| control field |
TR-AnTOB |
| 005 - DATE AND TIME OF LATEST TRANSACTION |
| control field |
20250210164616.0 |
| 008 - FIXED-LENGTH DATA ELEMENTS--GENERAL INFORMATION |
| fixed length control field |
080617s2007 tu tur |
| 040 ## - CATALOGING SOURCE |
| Original cataloging agency |
TR-AnTOB |
| Transcribing agency |
TR-AnTOB |
| Language of cataloging |
eng |
| Description conventions |
rda |
| 041 ## - LANGUAGE CODE |
| Language code of text/sound track or separate title |
Türkçe |
| 050 ## - LIBRARY OF CONGRESS CALL NUMBER |
| Classification number |
HD2769.2.T9 |
| Item number |
V35 2007 |
| 090 ## - LOCALLY ASSIGNED LC-TYPE CALL NUMBER (OCLC); LOCAL CALL NUMBER (RLIN) |
| Classification number (OCLC) (R) ; Classification number, CALL (RLIN) (NR) |
HD2769.2.T9 V35 2007 |
| 245 #0 - TITLE STATEMENT |
| Title |
2007 Vakıf medeniyeti çevre yılı yarışma eserleri ve sergi albümü / |
| Statement of responsibility, etc. |
Vakıflar Genel Müdürlüğü ; ed. Erol Erdoğan, Tahsin Türker. |
| 246 #3 - VARYING FORM OF TITLE |
| Title proper/short title |
Yarışma eserleri ve sergi albümü |
| 264 #1 - PRODUCTION, PUBLICATION, DISTRIBUTION, MANUFACTURE, AND COPYRIGHT NOTICE |
| Place of production, publication, distribution, manufacture |
Ankara : |
| Name of producer, publisher, distributor, manufacturer |
T.C. Başbakanlık Vakıflar Genel Müdürlüğü, |
| Date of production, publication, distribution, manufacture, or copyright notice |
2007. |
| 300 ## - PHYSICAL DESCRIPTION |
| Extent |
240 s.: |
| Other physical details |
res.; |
| Dimensions |
35 cm. |
| 650 #7 - SUBJECT ADDED ENTRY--TOPICAL TERM |
| Topical term or geographic name entry element |
Vakıf |
| Geographic subdivision |
Türkiye |
| Source of heading or term |
etuturkob |
| 9 (RLIN) |
92011 |
|
| Topical term or geographic name entry element |
Waqf |
| Geographic subdivision |
Turkey |
| 9 (RLIN) |
92012 |
|
| Topical term or geographic name entry element |
Endowments |
| Geographic subdivision |
Turkey |
| 9 (RLIN) |
37900 |
|
| Topical term or geographic name entry element |
Hayır kurumları |
| Geographic subdivision |
Türkiye |
| 9 (RLIN) |
45836 |
|
| Topical term or geographic name entry element |
Vakıf |
| General subdivision |
Sosyal yönleri |
| 9 (RLIN) |
45856 |
|
| Topical term or geographic name entry element |
Waqf |
| General subdivision |
Social aspects |
| 9 (RLIN) |
45858 |
|
| Topical term or geographic name entry element |
Charities |
| Geographic subdivision |
Turkey |
| 9 (RLIN) |
45837 |
| 700 ## - ADDED ENTRY--PERSONAL NAME |
| Personal name |
Türker, Tahsin |
| 9 (RLIN) |
45835 |
|
| Personal name |
Erdoğan, Erol |
| 9 (RLIN) |
45855 |
| 710 1# - ADDED ENTRY--CORPORATE NAME |
| Corporate name or jurisdiction name as entry element |
Türkiye. |
| Subordinate unit |
Vakıflar Genel Müdürlüğü |
| 9 (RLIN) |
37904 |
| 902 ## - LOCAL DATA ELEMENT B, LDB (RLIN) |
| a |
0024212 |
| 903 ## - LOCAL DATA ELEMENT C, LDC (RLIN) |
| a |
Merkez Kütüphane |
| 942 ## - ADDED ENTRY ELEMENTS (KOHA) |
| Koha item type |
Book |
| Source of classification or shelving scheme |
Library of Congress Classification |
| 945 ## - LOCAL PROCESSING INFORMATION (OCLC) |
| a |
CS |